000
00193nam a2200085Ia 4500
008
180219s9999 xx 000 0 und d
100
_a
Gupta R P
245
0
_a
Utilization Of Electrical Energy
260
_c
2014
300
_a
0
999
_c
43638
_d
43638